[Event "Olympiad-32"]
[Site "Yerevan"]
[Date "1996.09.21"]
[Round "6.1"]
[White "Sousa, Armindo"]
[Black "Braso, Jorge"]
[Result "0-1"]
[WhiteElo "2230"]
[BlackElo "2245"]
[PlyCount "123"]
[EventDate "1996.09.15"]
[EventType "team-swiss"]
[EventRounds "14"]
[EventCountry "ARM"]
[SourceTitle "CBM 055"]
[Source "ChessBase"]
[SourceDate "1996.12.01"]
[SourceVersion "1"]
[SourceVersionDate "1996.12.01"]
[SourceQuality "1"]
[WhiteTeam "Angola"]
[BlackTeam "Uruguay"]
[WhiteTeamCountry "ANG"]
[BlackTeamCountry "URU"]

1. e4 c5 2. Nf3 Nc6 3. Nc3 e6 4. d4 cxd4 5. Nxd4 a6 6. Nb3 Qc7 7. Bd3 Nf6 8. 0-0 Be7 9. f4 d6 10. a3 0-0 11. Qf3 b5 12. Kh1 Bb7 13. Qh3 g6 14. f5 exf5 15. exf5 Ne5 16. Bh6 Rfe8 17. fxg6 hxg6 18. Nd4 Nxd3 19. cxd3 Bc8 20. Qf3 Bb7 21. Qf4 Bd8 22. Rae1 Re5 23. Qg3 Nh5 24. Qf2 Bf6 25. Ne4 Bxe4 26. dxe4 Qd7 27. Qf3 d5 28. g4 dxe4 29. Rxe4 Rxe4 30. Qxe4 Re8 31. Qf3 Ng3+ 32. hxg3 Bxd4 33. Rd1 Qa7 34. Bc1 Qe7 35. b4 Qe4 36. Qxe4 Rxe4 37. g5 f5 38. Bf4 Kf7 39. Kg2 Ke6 40. Kf3 Kd5 41. Rc1 Re6 42. Rc8 Rc6 43. Rd8+ Kc4 44. Bc1 Bc3 45. Ke2 Re6+ 46. Kd1 Kb3 47. Bd2 Bb2 48. Rd3+ Kc4 49. Rf3 Re4 50. Kc2 Bd4 51. Kd1 Be5 52. Bf4 Bc3 53. Be3 Re8 54. Kc2 Be5 55. Bd2 Bd4 56. Rf4 Re5 57. Rf3 Re2 58. Kd1 Rg2 59. Be1 Rh2 60. Bd2 Rf2 61. Rf4 Kd3 62. Bc1 0-1

[Event "Olympiad-32"]
[Site "Yerevan"]
[Date "1996.09.19"]
[Round "4.2"]
[White "Sousa, Armindo"]
[Black "Rahman, Ziaur"]
[Result "0-1"]
[WhiteElo "2230"]
[BlackElo "2460"]
[PlyCount "100"]
[EventDate "1996.09.15"]
[EventType "team-swiss"]
[EventRounds "14"]
[EventCountry "ARM"]
[SourceTitle "CBM 055"]
[Source "ChessBase"]
[SourceDate "1996.12.01"]
[SourceVersion "1"]
[SourceVersionDate "1996.12.01"]
[SourceQuality "1"]
[WhiteTeam "Angola"]
[BlackTeam "Bangladesh"]
[WhiteTeamCountry "ANG"]
[BlackTeamCountry "BAN"]

1. e4 c5 2. Nf3 Nc6 3. d4 cxd4 4. Nxd4 Qc7 5. Nc3 e6 6. Nb3 a6 7. Bd3 Nf6 8. 0-0 b5 9. a3 Be7 10. f4 d6 11. Qf3 Bb7 12. Bd2 Rc8 13. Kh1 Qb8 14. Rae1 b4 15. Ne2 bxa3 16. bxa3 d5 17. e5 Ne4 18. Bc1 g6 19. Ng3 Nc5 20. Bb2 Nxd3 21. Qxd3 Qc7 22. Re2 Na5 23. Nxa5 Qxa5 24. f5 Qb5 25. Qxb5+ axb5 26. fxe6 fxe6 27. Rb1 Rc4 28. Nf1 Kd7 29. c3 Ra8 30. Rf2 Re4 31. Nd2 Re3 32. Ra1 Rxe5 33. c4 Re3 34. cxb5 Bxa3 35. Bd4 Be7 36. Rc1 Rd3 37. Nf3 Ke8 38. h3 Bd6 39. Re2 Ke7 40. Bf2 Ra4 41. Rce1 Re4 42. Rxe4 dxe4 43. Ng5 Bb4 44. Rb1 Bd2 45. Bh4 h6 46. Nxe4+ g5 47. Nc5 Rxh3+ 48. Kg1 Rxh4 49. Kf2 Bd5 50. b6 Rb4 0-1

[Event "Olympiad-32"]
[Site "Yerevan"]
[Date "1996.09.18"]
[Round "3.1"]
[White "Wong, Meng Kong"]
[Black "Sousa, Armindo"]
[Result "1/2-1/2"]
[WhiteElo "2440"]
[BlackElo "2230"]
[PlyCount "120"]
[EventDate "1996.09.15"]
[EventType "team-swiss"]
[EventRounds "14"]
[EventCountry "ARM"]
[SourceTitle "CBM 055"]
[Source "ChessBase"]
[SourceDate "1996.12.01"]
[SourceVersion "1"]
[SourceVersionDate "1996.12.01"]
[SourceQuality "1"]
[WhiteTeam "Singapore"]
[BlackTeam "Angola"]
[WhiteTeamCountry "SIN"]
[BlackTeamCountry "ANG"]

1. e4 c5 2. Nc3 Nc6 3. Nf3 g6 4. d4 cxd4 5. Nxd4 Bg7 6. Nf3 Nf6 7. Be2 0-0 8. 0-0 d6 9. Be3 Be6 10. Qd2 Re8 11. Nd4 Bd7 12. f3 a6 13. Rfd1 Rc8 14. Bf1 Ne5 15. b3 Nc6 16. Nce2 Qc7 17. c4 Ne5 18. Rac1 Red8 19. a4 b6 20. Nc3 Qb7 21. Nc2 Be8 22. Nb4 Ned7 23. Nbd5 Nc5 24. Rb1 Nxd5 25. Nxd5 Bc6 26. Qa2 e6 27. Nxb6 Qxb6 28. b4 Qa7 29. a5 Qe7 30. bxc5 dxc5 31. Qa3 Rxd1 32. Rxd1 Bb7 33. Bf2 Be5 34. Kh1 Qc7 35. g3 Bf6 36. Kg2 g5 37. h3 Rd8 38. Rxd8+ Bxd8 39. Qb2 Bc8 40. Be1 e5 41. Bc3 f6 42. Kf2 Be6 43. Qb3 Qc8 44. Be2 Bc7 45. Qa3 Bd8 46. Bd2 Qc7 47. Be3 Be7 48. Qa4 Bd7 49. Qb3 Bd8 50. Qd3 Be6 51. Qd2 Be7 52. f4 Qd7 53. Qxd7 Bxd7 54. Kg2 h6 55. h4 Kg7 56. Bd2 Bc6 57. Bf3 Bd7 58. hxg5 hxg5 59. Kf2 Bd8 60. fxg5 fxg5 1/2-1/2

[Event "Algarve"]
[Site "Algarve"]
[Date "1995.??.??"]
[Round "6"]
[White "Kaabi, Mejdi"]
[Black "Sousa, Armindo"]
[Result "0-1"]
[WhiteElo "2370"]
[BlackElo "2205"]
[PlyCount "112"]
[EventDate "1995.??.??"]
[EventType "schev"]
[EventRounds "9"]
[EventCountry "POR"]
[SourceTitle "CBM 046 Extra"]
[Source "ChessBase"]
[SourceDate "1995.07.01"]
[SourceVersion "1"]
[SourceVersionDate "1995.07.01"]
[SourceQuality "1"]

1. d4 Nf6 2. c4 g6 3. Nc3 Bg7 4. e4 d6 5. f3 0-0 6. Be3 e5 7. Nge2 c6 8. Qd2 exd4 9. Nxd4 d5 10. exd5 cxd5 11. 0-0-0 Nc6 12. c5 Nxd4 13. Bxd4 Be6 14. g4 Rc8 15. Kb1 Nd7 16. Bxg7 Kxg7 17. h4 Rxc5 18. h5 Kg8 19. Be2 Qf6 20. f4 Rfc8 21. g5 Qe7 22. Rc1 Nb6 23. Qd4 Nc4 24. Ka1 Nd6 25. Bd3 a5 26. hxg6 fxg6 27. Rce1 Qf7 28. Bxg6 Qxg6 29. Rh6 Qg7 30. Qxg7+ Kxg7 31. Rhxe6 Nf5 32. a4 d4 33. Ne4 Rc1+ 34. Rxc1 Rxc1+ 35. Ka2 d3 36. Rb6 Rc4 37. Rxb7+ Kg6 38. Nc3 Rxf4 39. Rb5 Rd4 40. Rxa5 d2 41. Nd1 Kxg5 42. Kb3 Kf4 43. Kc2 h5 44. Ra8 h4 45. a5 h3 46. Rh8 Kg3 47. a6 h2 48. a7 Ra4 49. Rg8+ Kf3 50. Rh8 Kg2 51. Nf2 Rxa7 52. Kxd2 Rf7 53. b4 Nd6 54. Ke3 Rf3+ 55. Kd4 Rxf2 56. Kc5 Nf7 0-1

[Event "Algarve"]
[Site "Algarve"]
[Date "1995.??.??"]
[Round "5"]
[White "Sousa, Armindo"]
[Black "Doghri, Nabil"]
[Result "0-1"]
[WhiteElo "2205"]
[BlackElo "2310"]
[PlyCount "62"]
[EventDate "1995.??.??"]
[EventType "schev"]
[EventRounds "9"]
[EventCountry "POR"]
[SourceTitle "CBM 046 Extra"]
[Source "ChessBase"]
[SourceDate "1995.07.01"]
[SourceVersion "1"]
[SourceVersionDate "1995.07.01"]
[SourceQuality "1"]

1. e4 c5 2. Nf3 Nc6 3. d4 cxd4 4. Nxd4 e5 5. Nb5 Nf6 6. N1c3 d6 7. a4 a6 8. Na3 Be6 9. Be2 Rc8 10. Be3 Nb4 11. 0-0 d5 12. exd5 Nfxd5 13. Nxd5 Nxd5 14. Bd2 Qh4 15. Bf3 Bc5 16. c4 Nf6 17. g3 Qh3 18. Bg2 Qf5 19. Bxb7 0-0 20. Qf3 Qg6 21. Be3 Bg4 22. Qg2 e4 23. Bxc8 Rxc8 24. Rfe1 Qh5 25. Nc2 Bf3 26. Qf1 Ng4 27. h3 Ne5 28. b4 Bg4 29. h4 Nf3+ 30. Kg2 Nxh4+ 31. gxh4 Bf3+ 0-1